000 00231nam a22000857a 4500
008 170301b xxu||||| |||| 00| 0 eng d
100 _92981
_aBlamires.H
245 _aThe Penguin Guide to Plain English
260 _aNew York
_bPenguin
_c2000
999 _c6225
_d6225